000 01549 a2200457 4500
001 53926
003 ES-MaCES
005 20251030102734.0
008 251027s2024 sp ||||| |||||||||||spa|d
017 _aM 6465-2024
_bDL
020 _a9788413529554
040 _aES-MaCES
_bspa
_cES-MaCES
041 1 _aspa
_heng
100 1 _941533
_aBougrine, Hassan
245 1 3 _aLa creación de riqueza y pobreza
_b: neoliberalismo y desigualdad
_cHassan Bougrine ; tr. del eng de Juan Francisco Valero Quintero ; [presentación de Santiago Cantalapiedra]
260 _aMadrid
_bFuhem Ecosocial
_b: Los libros de la catarata
_c[2024]
300 _a249 p.
_c22 cm
490 1 _aEconomía inclusiva
_v007
504 _aBibliografía: p. 289-310
541 _cCompra
650 7 _929375
_ariqueza
650 7 _927112
_apobreza
650 7 _927109
_adistribución del ingreso
650 7 _931222
_aliberalismo
650 7 _927116
_acapitalismo
650 7 _929371
_adesigualdad económica
650 7 _930789
_adesigualdad social
650 7 _927291
_aélite
650 7 _927235
_agrupo de intereses
650 7 _928194
_atoma de decisiones
650 7 _927211
_apolítica gubernamental
650 7 _927200
_apoder político
650 7 _927122
_adoctrina económica
650 7 _927238
_adoctrina política
653 1 0 _aEconomía
700 1 _941534
_aValero Quintero, Juan F.
_etr.
700 1 _941535
_aCantalapiedra, Santiago
_ecol.
830 0 _aEconomía inclusiva
_940622
_v007
902 _aLIB Libro
942 _2CES
_cBK
_h0.0.
999 _c53926
_d53926